Normal view
MARC view
- Heyd, David.E Hostetler, Robert.P Larson, Roland.E
Entry Personal Name
001 - CONTROL NUMBER
- control field: 56164
003 - CONTROL NUMBER IDENTIFIER
- control field: NUST
005 - DATE AND TIME OF LATEST TRANSACTION
- control field: 20210628201640.0
008 - FIXED-LENGTH DATA ELEMENTS
- fixed length control field: 210628|| aca||aabn | a|a d
040 ## - CATALOGING SOURCE
- Original cataloging agency: NUST
- Transcribing agency: NUST
100 ## - HEADING--PERSONAL NAME
- Personal name: Heyd, David.E Hostetler, Robert.P Larson, Roland.E
670 ## - SOURCE DATA FOUND
- Source citation: Work cat.: (NUST): Heyd, David.E Hostetler, Robert.P Larson, Roland.E, Trigonometry a graphing approach, 1995
